1990s Movie Characters - Statistics

General Stats
  • This quiz has been taken 68 times
  • The average score is 21 of 31
Answer Stats
Hint Answer % Correct
Kevin McCallister Home Alone
93%
Michael Jordan Space Jam
93%
Lee Harvey Oswald JFK
90%
Uncle Fester The Addams Family
90%
Clarice Starling The Silence of the Lambs
88%
Ethan Hunt Mission: Impossible
81%
Sarah Connor Terminator 2
81%
Tyler Durden Fight Club
80%
William Wallace Braveheart
78%
Jack Dawson Titanic
78%
Lady Marian Robin Hood: Prince of Thieves
76%
Stifler American Pie
75%
Andy Dufresne The Shawshank Redemption
75%
Dana Scully The X Files
73%
Agent Smith The Matrix
69%
Selina Kyle Batman Returns
63%
Mia Wallace Pulp Fiction
63%
Vivian Ward Pretty Woman
59%
Doc Holliday Tombstone
59%
Henry Hill Goodfellas
58%
El Mariachi Desperado
54%
Annie Wilkes Misery
54%
Jim Lovell Apollo 13
53%
Sonya Blade Mortal Kombat
53%
Marge Gunderson Fargo
51%
Phil Connors Groundhog Day
49%
Itzhak Stern Schindler's List
49%
Catherine Tramell Basic Instinct
47%
Roger “Verbal” Kint The Usual Suspects
47%
Leeloo The Fifth Element
41%
Mathilda Lando Léon: The Professional
32%
No matching quizzes found
Score Distribution
Percent of People with Each Score
Percentile by Number Answered
Your Score History
You have not taken this quiz